Statistics for Carlton Blues Multiple Choice Quiz

Click here to take the quiz!

General Stats

  • This quiz has been taken 123 times
    (29 since last reset)
  • The average score is 10 of 20

Answer Stats

QuestionAnswer% Correct
Who was the last Carlton Player to win the Coleman Medal?Charlie Curnow
88%
How Many premierships has Carlton ever won?16
84%
As of 2023, who is the current Carlton Senior CoachMichael Voss
84%
When did Carlton win it's latest premiership?1995
80%
Who was the Carlton leading Goalkicker for 2019?Harry Mckay
72%
When did Carlton last play in a finals?2023
68%
How many wooden spoons have they recieved?5
64%
What year was the Carlton Football Club Established?1864
60%
Who won the Norm Smith on this day?Greg Williams
52%
Who was the Senior Coach for this season?Brendon Bolton
48%
What is the Blue's motto?Men's Sana in Corpore Sano
48%
What year was Carltons worst ever season for wins?2018
44%
Who has been Carlton's leading Goal kicker the most often?Stephen Kernahan
44%
What song is the Carlton theme song based off?Lily of Laguna
36%
Which is Latin for?A sound mind in a sound body
32%
Who was initially the only Carlton player to play in the 2020 State of Origin for the bushfire appeal?Patrick Cripps
32%
When did Carlton first get the wooden spoon?2002
24%
Who was the first captain of the Blues?Jimmy Aitken
24%
When did Carlton first win a premiership?1906
16%
How many goals did he score?26
8%

Score Distribution

Percentile by Number Answered

Percent of People with Each Score

Your Score History

You have not taken this quiz since the last reset